Statistics for 20 Biggest Cities in Saudi Arabia

Click here to take the quiz!

General Stats

  • This quiz has been taken 254 times
  • The average score is 8 of 20

Answer Stats

PopulationCity% Correct
5,328,000Riyadh
98%
1,675,000Makkah
94%
3,456,000Jeddah
92%
1,180,000Madinah
87%
903,000Dammam
68%
569,000Tabuk
45%
987,000Ta'if
45%
366,000Abha
31%
412,000Ha'il
30%
614,000Buraidah
29%
578,000Khobar
28%
329,000Najran
26%
298,000Yanbu
25%
379,000Jubail
20%
376,000Al-Kharj
16%
1,063,000Hofuf
16%
630,000Khamis Mushait
16%
371,000Qatif
14%
390,000Hafar Al-Batin
13%
272,000Al-Qunfudhah
2%

Score Distribution

Percentile by Number Answered

Percent of People with Each Score

Your Score History

You have not taken this quiz